00397nam a22001337a 4500003000400000005001700004008004100021020001800062040002800080100002100108245007700129260004900206300000800255OSt20250303161015.0250303b |||||||| |||| 00| 0 eng d a9788131756867 cIIMT UNIVERSITY, MEERUT a Arthur I Vogel  aElementary Practical Organic Chemistry Small Scale Preparations - Part 1 a Pearson Education Limited bNEW DELHIc1987 a435